Top EU Fortnite Pros 2024 - Statistics

General Stats
  • This quiz has been taken 206 times
  • The average score is 28 of 100
Answer Stats
Country Org Answer % Correct
Russia Karmine Corp Malibuca
84%
Austria Ovation Esports Vico
80%
United Kingdom Karmine Corp Veno
79%
Latvia Karmine Corp Merstach
75%
Germany Aight Flickzy
71%
Poland Gaimin Gladiators Kami
71%
Poland Man City Esports Setty
71%
Germany Wave Esports Vadeal
69%
Russia Karmine Corp SwizzY
67%
Slovenia Falcons Esport Tayson
64%
Serbia Twisted Minds Queasy
58%
Switzerland Wave Esports Chap
57%
Denmark Team Atlantic Sky
54%
United Kingdom Onyx Ravens Pinq
52%
Sweden Ninjas in Pyjamas Pixie
52%
Denmark Team Atlantic Scroll
52%
Denmark Exceed MariusCOW
50%
Germany Exceed Rezon ay
48%
Germany CGN Esports Jannisz
47%
Slovenia Falcons Esport T3eny
47%
Sweden None Wox
44%
Serbia Valiant TruleX
43%
Bosnia & Herzegovina Falcons Esport Chico
42%
Poland None Demus
41%
France Gentle Mates PodaSai
40%
Denmark Heroic Th0masHD
40%
Switzerland None Noahreyli
39%
Denmark Heroic Fredoxie
38%
Ukraine Gentle Mates Vanyak3k
38%
Poland Guild Esports Charyy
37%
North Macedonia None Hris
36%
France Valiant Andilex
33%
United Kingdom Team Various Czb
32%
Poland None G13ras
32%
Norway None IDrop
32%
United Kingdom Team Various Nxthan
32%
Denmark Guild Esports PabloWingu
32%
Russia FLC Clan Panzer
31%
Poland None Darm
30%
Switzerland Wave Esports Cringe
29%
Netherlands Heroic Kiro
29%
United Kingdom None Nebs
29%
Sweden Orkadia Esports Fnajen
27%
France Reality Zoned Kurama
26%
Serbia Orkadia Esports Skvii
26%
Denmark None Tjino
25%
Poland None Kombek
24%
France Gentle Mates Snayzy
24%
Israel None Focus
23%
Germany BIG Kiduoo
21%
Italy Regal Esports Predage
21%
Poland None Purchawa
21%
France Valiant Seyyto
21%
Austria FOKUS Asa
20%
Germany Aight Hijoe
20%
Germany None Juu
20%
Sweden None Bevvys
18%
Germany None Fastroki
18%
United Kingdom Orkadia Esports Prism
18%
Denmark Guild Esports Sangild
18%
Germany FOKUS Volko
18%
United Kingdom Northern Star Gaming Eclipse
17%
Germany Averiour Gaming Nomzz
16%
Germany Team WS Turtle
16%
France Solary Artskill
15%
Sweden Guild Esports Mappi
15%
Sweden Outplayed Robban
15%
Sweden Ninjas in Pyjamas Axeforce
14%
Italy None Belusi
13%
Belgium None Casperinovic
13%
Denmark None Kovaaks
13%
Ukraine None P1ngfnz
12%
France BK ROG Esports Werex
11%
Russia Guild Esports Wheat
11%
Russia Guild Esports 1Lusha
10%
Germany Team WS Cheapz
10%
Denmark NTO Corp Deckzee
10%
Sweden Twisted Minds Dela
10%
United Kingdom None Kayd
10%
Russia Gaimin Gladiators NeFrizi
10%
Poland EvozA Esport Vexi
10%
Italy None Zangi
10%
Poland Paradis Dabuel
8%
Russia Furious Esports Dandepuzo
7%
Denmark None Lunex
7%
Egypt Guild Esports Voltiax
6%
United Kingdom R8 Esports Vortexers
6%
Belarus Team Various Fir3hunter
5%
Sweden None Klownski
5%
Belgium Odious Esport Lens
5%
Ukraine Lunatic Esports Eltensy
4%
Sweden R4 Esports Gudnbre
4%
France None Hedra
4%
Ukraine EGO Esports Hizixx
4%
Estonia None Karmy
4%
Poland None SereN
4%
Poland Furious Esports Raxi
3%
Egypt Flawless Region Coolkid
2%
Russia EvozA Esport Shamokiy
2%
Italy Nixoy Esports Darkiizz
1%
No matching quizzes found
Score Distribution
Percent of People with Each Score
Percentile by Number Answered
Your Score History
You have not taken this quiz